000 00546nam a2200205Ia 4500
005 20250326144501.0
008 250326s9999 xx 000 0 und d
020 _a978-81-7829-889-4
037 _aTextbook
040 _aFMSL
_beng
_cFMSL
041 _aeng
_2eng
084 _aX:973 P8
_qFMSL
100 _aSpangle M L
_9748919
245 0 _aNegotiation
_cSpangle M L; Isenhart M W
260 _aNew Delhi
_bNew Delhi, Sage
_c2008
300 _axxi,434
365 _b495
942 _cTB
_hX:973 P8
999 _c1303871
_d1303871